| 000 | 00000nas 2200000za 4500 |
| 001 | 9.858862 |
| 003 | CaOODSP |
| 005 | 20240527135431 |
| 007 | cr ||||||||||| |
| 008 | 180711d19661986onc x m o f0 a0eng|d |
| 022 | |z0069-0031 |
| 040 | |aCaOODSP|beng |
| 041 | |aeng|bfre |
| 043 | |an-cn--- |
| 086 | 1 |aR65-8E-PDF |
| 086 | 1 |aCW65-8E-PDF |
| 130 | 0 |aReport series (Canadian Wildlife Service) |
| 210 | 0 |aCan. Wildl. Serv. rep. ser. |
| 222 | 0|aCanadian Wildlife Service report series |
| 245 | 00|aReport series |h[electronic resource] / |cCanadian Wildlife Service. |
| 260 | |aOttawa : |bCanadian Wildlife Service, |c1966-c1986. |
| 310 | |aIrregular |
| 362 | 0 |aNo. 1-no. 47 (1986). |
| 500 | |aIncludes some numbers in English and French. |
| 500 | |aFrench numbers published under title: Étude du Service canadien de la faune. |
| 504 | |aIncludes bibliographies. |
| 515 | |aNumbering irregular; shared with: Étude du Service canadien de la faune. |
| 546 | |aIncludes abstract in French. |
| 692 | 07|2gccst|aWildlife management |
| 692 | 07|2gccst|aNature conservation |
| 710 | 2 |aCanadian Wildlife Service. |
| 710 | 1 |aCanada. |bDepartment of Indian Affairs and Northern Development. |
| 775 | 08|tSérie de rapports |w(CaOODSP)9.858905 |
| 780 | 00|tWildlife management bulletin |w(CaOODSP)9.859941 |